Southville International School and Colleges
Your cart is empty.
  • Cart
  • Lists
    Public lists Eva Luna New books Lux_list list_1
    Your lists Log in to create your own lists
  • Log in to your account
  • Your cookies
  • Search history
Southville International School and Colleges
  • Advanced search
  • Recent comments
  • Most popular
  • Libraries

Log in to your account

Log in with GOOGLE


If you do not have an external account, but do have a local account, you can still log in:

  1. Home
  2. MARC view: Hematology :
Normal view MARC view ISBD view

Hematology : (Record no. 13776)

[ view plain ]
MARC details
000 -LEADER
fixed length control field 00484nam a22001697a 4500
003 - CONTROL NUMBER IDENTIFIER
control field OSt
005 - DATE AND TIME OF LATEST TRANSACTION
control field 20140310182458.0
008 - FIXED-LENGTH DATA ELEMENTS--GENERAL INFORMATION
fixed length control field 130806t xxu||||| |||| 00| 0 eng d
020 ## - INTERNATIONAL STANDARD BOOK NUMBER
International Standard Book Number 9780323043113
050 ## - LIBRARY OF CONGRESS CALL NUMBER
Classification number RB 145
Item number .H884 2012
100 ## - MAIN ENTRY--PERSONAL NAME
Personal name Huddnall, S. David
9 (RLIN) 8537
245 ## - TITLE STATEMENT
Title Hematology :
Remainder of title a pathophysiologic approach /
Statement of responsibility, etc S. David Hudnall.
260 ## - PUBLICATION, DISTRIBUTION, ETC. (IMPRINT)
Place of publication, distribution, etc USA :
Name of publisher, distributor, etc Mosby Inc.
Date of publication, distribution, etc c2012.
300 ## - PHYSICAL DESCRIPTION
Extent xiii. 174 p. :
Other physical details ill. col. ;
Dimensions 31 cm.
942 ## - ADDED ENTRY ELEMENTS (KOHA)
Source of classification or shelving scheme Library of Congress Classification
Koha item type
Holdings
Withdrawn status Lost status Source of classification or shelving scheme Damaged status Home library Current library Shelving location Date acquired Total Checkouts Total Renewals Full call number Barcode Date last seen Date checked out Copy number Price effective from Koha item type
    Library of Congress Classification   South SEED-LPDH College Library South SEED-LPDH College Library South SEED-LPDH College Section 08/06/2013 2 4 RB 145 .H884 2012 SSLC0191 05/15/2018 04/06/2018 1 08/06/2013 Books

Hematology :

APA

Huddnall S. D., . (2012). Hematology. USA: Mosby Inc.

Chicago

Huddnall S David, . 2012. Hematology. USA: Mosby Inc.

Harvard

Huddnall S. D., . (2012). Hematology. USA: Mosby Inc.

MLA

Huddnall S David, . Hematology. USA: Mosby Inc. 2012.

  • Place hold
  • Print
  • Cite
  • Add to your cart (remove)
  • Save record
    BIBTEX Dublin Core MARCXML MARC (non-Unicode/MARC-8) MARC (Unicode/UTF-8) MARC (Unicode/UTF-8, Standard) MODS (XML) RIS
  • More searches
    Search for this title in:
    Other Libraries (WorldCat) Other Databases (Google Scholar) Online Stores (Bookfinder.com) Open Library (openlibrary.org)

Exporting to Dublin Core...

SOUTHVILLE LIBRARY

Southville International School and Colleges Library

1281 Tropical Ave. Cor. Luxembourg St., BF Homes International, Las Pinas City

Tel. No. 8256374 / 252358 Loc. 117/146

Powered by Koha